| 000 | 01296aam a2200241 a 4500 | ||
|---|---|---|---|
| 003 | AR-RoUNCS | ||
| 005 | 20260610170003.0 | ||
| 007 | ta | ||
| 008 | 100325s2007 ag a |r f00| 0 spa d | ||
| 015 | _aAR-2007 | ||
| 020 | _a9789879161401 | ||
| 040 |
_aAR-BaBN _bspa _cAR-RoUNCS |
||
| 041 | _aspa | ||
| 245 | 1 | 0 |
_aManual de las mujeres : _bguía de derechos, salud reproductiva, familia y trabajo destinada a adolescentes y mujeres adultas. |
| 260 |
_a[Buenos Aires] : _bSecretaría de Cultura de la Presidencia de la Nación, _ci2007. |
||
| 300 |
_a112 p. : _bil. ; _c23 cm. |
||
| 500 | _aLa obra se edita en el marco del Programa Libros y Casas presentado por la Secretaría de Cultura de la Presidencia de la Nación. | ||
| 505 | _a1. Las mujeres y sus derechos -- 2. Derecho a la salud sexual y reproductiva -- 3. La prevención de las enfermedades de transmisión sexual y el VIH-sida -- 4. El embarazo, una responsabilidad compartida -- 5. Derechos civiles: información sobre pareja, matrimonio, hijos y divorcio -- 6. Por una vida cotidiana sin violencia contra las mujeres -- 7. Derechos laborales y políticos.- | ||
| 650 | 7 |
_aMujeres _2embne _vDerechos _zArgentina |
|
| 650 | 7 |
_aEducación sexual _2embne |
|
| 710 | 2 | _aConsejo Nacional de la Mujer (Argentina) | |
| 942 |
_2udc _cOG _n0 |
||
| 999 |
_c1047 _d1047 |
||